Razvitije zarubežnych slavjanskich literatur v 20 veke /

Další autoři: Budagova, Ljudmila Norajrovna, 1932-2022
Jazyk: Ruština
Vydáno: Moskva : Nauka, 1964
Fyzický popis: 414 s.
Knihy
Uloženo v:
LEADER 00616nam a22001932a 4500
001 001352805
003 CZ BrMZK
005 20131210131920.0
007 ta
008 131210s1964 ru er|||||||||||rus d
040 |a BOA001  |b cze 
245 0 0 |a Razvitije zarubežnych slavjanskich literatur v 20 veke /  |c red. koll. L.N. Budagova ... [et al.] 
260 |a Moskva :  |b Nauka,  |c 1964 
300 |a 414 s. 
700 1 |a Budagova, Ljudmila Norajrovna,  |d 1932-2022  |7 jx20090723002  |4 edt 
910 |a BOA001  |b 2-0519.691 
990 |a BK 
991 |b 201312 
996 7 |b 2619044582  |c 2-0519.691  |l HP2  |r DEN  |n 0  |w 001387619  |u 000010  |a 1  |e BOA001  |j MZK50  |s A